Four Major League Teams by titles - Statistics

General Stats
  • This quiz has been taken 5 times
  • The average score is 55 of 124
Answer Stats
League Conference Division Titles Answer % Correct
NBA Eastern Atlantic NBA Championships: 18Conference titles: 11 Division titles: 35 Boston Celtics
100%
NBA Eastern Atlantic NBA Championships: 1Conference titles: 1 Division titles: 7 Toronto Raptors
100%
NFL NFC NFC West NFL Championships: 2 Conference titles: 1 Division titles: 7 Arizona Cardinals
50%
MLB National League NL West World Series: 1League Pennants: 2 Division titles: 5 Arizona Diamondbacks
50%
MLB American League AL West World Series: 9League Pennants: 15 Division titles: 17 Athletics
50%
MLB National League NL East World Series: 4League Pennants: 18 Division titles: 21 Atlanta Braves
50%
NFL NFC NFC South Conference titles: 2 Division titles: 6 Atlanta Falcons
50%
NBA Eastern Southeast NBA Championships: 1Division titles: 12 Atlanta Hawks
50%
MLB American League AL East World Series: 3League Pennants: 7 Division titles: 9 Baltimore Orioles
50%
NFL AFC AFC North Super Bowl: 2Conference titles: 2 Division titles: 8 Baltimore Ravens
50%
NHL Eastern Conference Atlantic Stanley Cups: 6Presidents' Trophies: 4 Conference titles: 5 Division titles: 27 Boston Bruins
50%
MLB American League AL East World Series: 9League Pennants: 14 Division titles: 10 Boston Red Sox
50%
NBA Eastern Atlantic Conference titles: 2 Division titles: 4 Brooklyn Nets
50%
NFL AFC AFC East Super Bowl: 2Conference titles: 4 Division titles: 15 Buffalo Bills
50%
NHL Eastern Conference Atlantic Presidents' Trophies: 1 Conference titles: 3 Division titles: 6 Buffalo Sabres
50%
NHL Eastern Conference Metropolitan Stanley Cups: 1Conference titles: 2 Division titles: 6 Carolina Hurricanes
50%
NFL NFC NFC South Conference titles: 2 Division titles: 7 Carolina Panthers
50%
NBA Eastern Southeast Charlotte Hornets
50%
NFL NFC NFC North Super Bowl: 1NFL Championships: 8 Conference titles: 2 Division titles: 19 Chicago Bears
50%
NHL Western Conference Central Stanley Cups: 6Presidents' Trophies: 2 Conference titles: 4 Division titles: 16 Chicago Blackhawks
50%
NBA Eastern Central NBA Championships: 6Conference titles: 6 Division titles: 9 Chicago Bulls
50%
MLB National League NL Central World Series: 3League Pennants: 17 Division titles: 8 Chicago Cubs
50%
MLB American League AL Central World Series: 3League Pennants: 6 Division titles: 6 Chicago White Sox
50%
NFL AFC AFC North Conference titles: 3 Division titles: 11 Cincinnati Bengals
50%
MLB National League NL Central World Series: 5League Pennants: 10 Division titles: 10 Cincinnati Reds
50%
NFL AFC AFC North NFL Championships: 4
Conference titles: 4 Division titles: 13
Cleveland Browns
50%
NBA Eastern Central NBA Championships: 1Conference titles: 5 Division titles: 8 Cleveland Cavaliers
50%
MLB American League AL Central World Series: 2League Pennants: 6 Division titles: 13 Cleveland Guardians
50%
MLB National League NL West League Pennants: 1 Colorado Rockies
50%
NFL NFC NFC East Super Bowl: 5Conference titles: 8 Division titles: 25 Dallas Cowboys
50%
NBA Western Southwest NBA Championships: 1Conference titles: 3 Division titles: 5 Dallas Mavericks
50%
NFL AFC AFC West Super Bowl: 3Conference titles: 8 Division titles: 16 Denver Broncos
50%
NBA Western Northwest NBA Championships: 1Conference titles: 1 Division titles: 10 Denver Nuggets
50%
NFL NFC NFC North NFL Championships: 4 Division titles: 6 Detroit Lions
50%
NBA Eastern Central NBA Championships: 3Conference titles: 5 Division titles: 12 Detroit Pistons
50%
NHL Eastern Conference Atlantic Stanley Cups: 11Presidents' Trophies: 6 Conference titles: 6 Division titles: 19 Detroit Red Wings
50%
MLB American League AL Central World Series: 4League Pennants: 11 Division titles: 7 Detroit Tigers
50%
NHL Western Conference Pacific Stanley Cups: 5Presidents' Trophies: 2 Conference titles: 8 Division titles: 9 Edmonton Oilers
50%
NHL Eastern Conference Atlantic Stanley Cups: 2Presidents' Trophies: 1 Conference titles: 4 Division titles: 4 Florida Panthers
50%
NBA Western Pacific NBA Championships: 7Conference titles: 7 Division titles: 12 Golden State Warriors
50%
NFL NFC NFC North Super Bowl: 4NFL Championships: 11 Conference titles: 3 Division titles: 20 Green Bay Packers
50%
MLB American League AL West World Series: 2League Pennants: 5 Division titles: 11 Houston Astros
50%
NBA Western Southwest NBA Championships: 2Conference titles: 4 Division titles: 9 Houston Rockets
50%
NFL AFC AFC South Division titles: 8 Houston Texans
50%
NBA Eastern Central Conference titles: 2 Division titles: 6 Indiana Pacers
50%
NFL AFC AFC South Super Bowl: 2NFL Championships: 3
Conference titles: 3 Division titles: 16
Indianapolis Colts
50%
NFL AFC AFC South Division titles: 5 Jacksonville Jaguars
50%
NFL AFC AFC West Super Bowl: 4AFL Championships: 3
Conference titles: 5 Division titles: 17
Kansas City Chiefs
50%
MLB American League AL Central World Series: 2League Pennants: 4 Division titles: 7 Kansas City Royals
50%
NFL AFC AFC West Super Bowl: 3AFL Championships: 1
Conference titles: 4 Division titles: 15
Las Vegas Raiders
50%
MLB American League AL West World Series: 1League Pennants: 1 Division titles: 9 Los Angeles Angels
50%
NFL AFC AFC West AFL Championships: 1
Conference titles: 1 Division titles: 15
Los Angeles Chargers
50%
NBA Western Pacific Division titles: 3 Los Angeles Clippers
50%
MLB National League NL West World Series: 9League Pennants: 27 Division titles: 23 Los Angeles Dodgers
50%
NBA Western Pacific NBA Championships: 17Conference titles: 31 Division titles: 34 Los Angeles Lakers
50%
NFL NFC NFC West Super Bowl: 2NFL Championships: 2 Conference titles: 5 Division titles: 19 Los Angeles Rams
50%
NBA Western Southwest Division titles: 2 Memphis Grizzlies
50%
NFL AFC AFC East Super Bowl: 2Conference titles: 5 Division titles: 13 Miami Dolphins
50%
NBA Eastern Southeast NBA Championships: 3Conference titles: 7 Division titles: 16 Miami Heat
50%
MLB National League NL East World Series: 2League Pennants: 2 Miami Marlins
50%
MLB National League NL Central League Pennants: 1 Division titles: 6 Milwaukee Brewers
50%
NBA Eastern Central NBA Championships: 2Conference titles: 3 Division titles: 19 Milwaukee Bucks
50%
NBA Western Northwest Conference titles: 1 Division titles: 1 Minnesota Timberwolves
50%
MLB American League AL Central World Series: 3League Pennants: 6 Division titles: 11 Minnesota Twins
50%
NFL NFC NFC North NFL Championships: 1 Conference titles: 3 Division titles: 21 Minnesota Vikings
50%
NHL Eastern Conference Atlantic Stanley Cups: 24Conference titles: 9 Division titles: 24 Montreal Canadiens
50%
NFL AFC AFC East Super Bowl: 6Conference titles: 12 Division titles: 23 New England Patriots
50%
NHL Eastern Conference Metropolitan Stanley Cups: 3Conference titles: 5 Division titles: 9 New Jersey Devils
50%
NBA Western Southwest Division titles: 1 New Orleans Pelicans
50%
NFL NFC NFC South Super Bowl: 1Conference titles: 1 Division titles: 9 New Orleans Saints
50%
NFL NFC NFC East Super Bowl: 4NFL Championships: 4 Conference titles: 5 Division titles: 16 New York Giants
50%
NHL Eastern Conference Metropolitan Stanley Cups: 4Conference titles: 6 Division titles: 6 New York Islanders
50%
NFL AFC AFC East Super Bowl: 1AFL Championships: 1
Division titles: 4
New York Jets
50%
NBA Eastern Atlantic NBA Championships: 2Conference titles: 5 Division titles: 8 New York Knicks
50%
MLB National League NL East World Series: 2League Pennants: 5 Division titles: 6 New York Mets
50%
MLB American League AL East World Series: 27League Pennants: 41 Division titles: 21 New York Yankees
50%
NBA Western Northwest NBA Championships: 1Conference titles: 2 Division titles: 7 Oklahoma City Thunder
50%
NBA Eastern Southeast Conference titles: 2 Division titles: 8 Orlando Magic
50%
NHL Eastern Conference Atlantic Presidents' Trophies: 1 Conference titles: 1 Division titles: 4 Ottawa Senators
50%
NBA Eastern Atlantic NBA Championships: 3Conference titles: 5 Division titles: 12 Philadelphia 76ers
50%
NFL NFC NFC East Super Bowl: 2NFL Championships: 3 Conference titles: 5 Division titles: 14 Philadelphia Eagles
50%
NHL Eastern Conference Metropolitan Stanley Cups: 2Conference titles: 8 Division titles: 16 Philadelphia Flyers
50%
MLB National League NL East World Series: 2League Pennants: 8 Division titles: 11 Philadelphia Phillies
50%
NBA Western Pacific Conference titles: 3 Division titles: 8 Phoenix Suns
50%
NHL Eastern Conference Metropolitan Stanley Cups: 5Presidents' Trophies: 1 Conference titles: 6 Division titles: 9 Pittsburgh Penguins
50%
MLB National League NL Central World Series: 5League Pennants: 9 Division titles: 9 Pittsburgh Pirates
50%
NFL AFC AFC North Super Bowl: 6Conference titles: 8 Division titles: 25 Pittsburgh Steelers
50%
NBA Western Northwest NBA Championships: 1Conference titles: 3 Division titles: 6 Portland Trail Blazers
50%
NBA Western Pacific NBA Championships: 1Division titles: 6 Sacramento Kings
50%
NBA Western Southwest NBA Championships: 5Conference titles: 7 Division titles: 23 San Antonio Spurs
50%
MLB National League NL West League Pennants: 2 Division titles: 5 San Diego Padres
50%
NFL NFC NFC West Super Bowl: 5Conference titles: 8 Division titles: 22 San Francisco 49ers
50%
MLB National League NL West World Series: 8League Pennants: 23 Division titles: 9 San Francisco Giants
50%
MLB American League AL West Division titles: 4 Seattle Mariners
50%
NFL NFC NFC West Super Bowl: 2Conference titles: 4 Division titles: 12 Seattle Seahawks
50%
MLB National League NL Central World Series: 11League Pennants: 23 Division titles: 15 St. Louis Cardinals
50%
NFL NFC NFC South Super Bowl: 2Conference titles: 2 Division titles: 10 Tampa Bay Buccaneers
50%
NHL Eastern Conference Atlantic Stanley Cups: 3Presidents' Trophies: 1 Conference titles: 4 Division titles: 4 Tampa Bay Lightning
50%
MLB American League AL East League Pennants: 2 Division titles: 4 Tampa Bay Rays
50%
NFL AFC AFC South AFL Championships: 2
Conference titles: 1 Division titles: 11
Tennessee Titans
50%
MLB American League AL West World Series: 1League Pennants: 3 Division titles: 7 Texas Rangers
50%
MLB American League AL East World Series: 2League Pennants: 3 Division titles: 7 Toronto Blue Jays
50%
NHL Eastern Conference Atlantic Stanley Cups: 13Division titles: 6 Toronto Maple Leafs
50%
NBA Western Northwest Conference titles: 2 Division titles: 11 Utah Jazz
50%
NHL Eastern Conference Metropolitan Stanley Cups: 1Presidents' Trophies: 3 Conference titles: 2 Division titles: 14 Washington Capitals
50%
NFL NFC NFC East Super Bowl: 3NFL Championships: 2 Conference titles: 5 Division titles: 15 Washington Commanders
50%
MLB National League NL East World Series: 1League Pennants: 1 Division titles: 5 Washington Nationals
50%
NBA Eastern Southeast NBA Championships: 1Conference titles: 4 Division titles: 8 Washington Wizards
50%
NHL Western Conference Pacific Stanley Cups: 1Conference titles: 2 Division titles: 6 Anaheim Ducks
0%
NHL Western Conference Pacific Stanley Cups: 1Presidents' Trophies: 2 Conference titles: 3 Division titles: 7 Calgary Flames
0%
NHL Western Conference Central Stanley Cups: 3Presidents' Trophies: 4 Conference titles: 3 Division titles: 13 Colorado Avalanche
0%
NHL Eastern Conference Metropolitan Columbus Blue Jackets
0%
NHL Western Conference Central Stanley Cups: 1Presidents' Trophies: 2 Conference titles: 3 Division titles: 9 Dallas Stars
0%
NHL Western Conference Pacific Stanley Cups: 2Conference titles: 3 Division titles: 1 Los Angeles Kings
0%
NHL Western Conference Central Division titles: 1 Minnesota Wild
0%
NHL Western Conference Central Presidents' Trophies: 1 Conference titles: 1 Division titles: 2 Nashville Predators
0%
NHL Eastern Conference Metropolitan Stanley Cups: 4Presidents' Trophies: 4 Conference titles: 2 Division titles: 8 New York Rangers
0%
NHL Western Conference Pacific Presidents' Trophies: 1 Conference titles: 1 Division titles: 6 San Jose Sharks
0%
NHL Western Conference Pacific Seattle Kraken
0%
NHL Western Conference Central Stanley Cups: 1Presidents' Trophies: 1 Conference titles: 1 Division titles: 10 St. Louis Blues
0%
NHL Western Conference Central Utah Mammoth
0%
NHL Western Conference Pacific Presidents' Trophies: 2 Conference titles: 3 Division titles: 11 Vancouver Canucks
0%
NHL Western Conference Pacific Stanley Cups: 1Conference titles: 2 Division titles: 3 Vegas Golden Knights
0%
NHL Western Conference Central Presidents' Trophies: 1 Division titles: 1 Winnipeg Jets
0%
No matching quizzes found
Score Distribution
Percent of People with Each Score
Percentile by Number Answered
Your Score History
You have not taken this quiz